[Event "YUG-ch23 corr9798"]
[Site "Yugoslavia"]
[Date "1997.??.??"]
[Round "?"]
[White "Jovcic, Milan"]
[Black "Stankov, Bogoljub"]
[Result "1/2-1/2"]
[WhiteElo "2400"]
[BlackElo "2250"]
[PlyCount "37"]
[EventDate "1997.03.??"]
[EventType "tourn (corr)"]
[EventRounds "16"]
[EventCountry "YUG"]
[EventCategory "2"]
[SourceTitle "Corr 2000"]
[Source "ChessBase"]
[SourceDate "2000.04.19"]
[SourceVersion "1"]
[SourceVersionDate "2000.04.19"]
[SourceQuality "1"]

1. e4 Nc6 2. d4 d5 3. Nc3 dxe4 4. d5 Ne5 5. Qd4 Ng6 6. Qxe4 a6 7. Nf3 Nf6 8. Qa4+ Bd7 9. Qb3 Qc8 10. Bd3 e6 11. Ng5 Ne5 12. Be2 exd5 13. Bf4 Ng6 14. Nxd5 Nxd5 15. Qxd5 Bb4+ 16. Bd2 Bxd2+ 17. Qxd2 0-0 18. 0-0-0 Bc6 19. Bf3 1/2-1/2

[Event "YUG-ch23 corr9798"]
[Site "Yugoslavia"]
[Date "1997.??.??"]
[Round "?"]
[White "Stankov, Bogoljub"]
[Black "Brindza, Istvan"]
[Result "1-0"]
[WhiteElo "2250"]
[BlackElo "2250"]
[PlyCount "27"]
[EventDate "1997.03.??"]
[EventType "tourn (corr)"]
[EventRounds "16"]
[EventCountry "YUG"]
[EventCategory "2"]
[SourceTitle "Corr 2000"]
[Source "ChessBase"]
[SourceDate "2000.04.19"]
[SourceVersion "1"]
[SourceVersionDate "2000.04.19"]
[SourceQuality "1"]

1. Nc3 c5 2. Nf3 Nc6 3. d4 cxd4 4. Nxd4 Nf6 5. Bg5 e6 6. Ne4 d5 7. Nxf6+ gxf6 8. Nxc6 bxc6 9. Bd2 Rb8 10. Bc3 Bb4 11. Bxb4 Rxb4 12. b3 Rg4 13. Qd2 Qa5 14. Qxa5 1-0

[Event "YUG-ch23 corr9798"]
[Site "Yugoslavia"]
[Date "1997.??.??"]
[Round "?"]
[White "Stankov, Bogoljub"]
[Black "Somborski, Nebojsa"]
[Result "1/2-1/2"]
[WhiteElo "2250"]
[BlackElo "2300"]
[PlyCount "28"]
[EventDate "1997.03.??"]
[EventType "tourn (corr)"]
[EventRounds "16"]
[EventCountry "YUG"]
[EventCategory "2"]
[SourceTitle "Corr 2000"]
[Source "ChessBase"]
[SourceDate "2000.04.19"]
[SourceVersion "1"]
[SourceVersionDate "2000.04.19"]
[SourceQuality "1"]

1. Nc3 d5 2. e4 c6 3. Qf3 dxe4 4. Nxe4 Nd7 5. d4 Ndf6 6. c3 Nxe4 7. Qxe4 Nf6 8. Qc2 Bg4 9. Ne2 e6 10. Ng3 Qd5 11. h3 Bf5 12. Nxf5 exf5 13. Bg5 Ne4 14. Be3 Bd6 1/2-1/2